LEADER 02738oas 2201057 a 450 001 9910134492803321 005 20251106213014.0 011 $a1548-2456 035 $a(DE-599)ZDB2070918-3 035 $a(DE-599)2070918-3 035 $a(OCoLC)51836432 035 $a(CONSER) 2004212043 035 $a(CKB)110990130691202 035 $a(EXLCZ)99110990130691202 100 $a20030306a20019999 sy a 101 0 $aeng 135 $aurunu|||uuuur 181 $ctxt$2rdacontent 182 $cc$2rdamedia 183 $acr$2rdacarrier 200 10$aLatin American politics and society 210 $aCoral Gables, Fla. $cSchool of International Studies, University of Miami$d2001- 210 3 $a[New York] $cCambridge University Press 300 $aRefereed/Peer-reviewed 300 $aTitle from journal information screen (Wiley Interscience, viewed Apr. 23, 2010). 311 08$a1531-426X 517 1 $aLatin American politics & society 606 $aPublications pe?riodiques$2eclas 606 $aPolitique$2eclas 606 $aSocie?te?$2eclas 606 $aSociale ontwikkeling$2gtt 606 $aPolitieke ontwikkeling$2gtt 607 $aLatin America$vPeriodicals 607 $aAme?rique latine$vPe?riodiques 607 $aAme?rique latine$2eclas 607 $aLatin America$2fast 608 $aperiodicals.$2aat 608 $aPeriodicals.$2fast 608 $aPeriodicals.$2lcgft 608 $aPe?riodiques.$2rvmgf 610 $aPolitics & Government Sociology 610 $aPolitics Government 615 7$aPublications pe?riodiques. 615 7$aPolitique. 615 7$aSocie?te?. 615 17$aSociale ontwikkeling. 615 17$aPolitieke ontwikkeling. 676 $a980 712 02$aUniversity of Miami.$bSchool of International Studies, 801 0$bEQO 801 1$bEQO 801 2$bMUQ 801 2$bOCLCQ 801 2$bNSD 801 2$bOCLCQ 801 2$bOCL 801 2$bEYM 801 2$bFQG 801 2$bGUA 801 2$bOCLCQ 801 2$bGUA 801 2$bDLC 801 2$bUKMGB 801 2$bWEA 801 2$bOCLCQ 801 2$bGBVCP 801 2$bOCLCQ 801 2$bOCLCF 801 2$bOCLCQ 801 2$bDEBBG 801 2$bOCLCQ 801 2$bNLE 801 2$bDLC 801 2$bVT2 801 2$bNJT 801 2$bSFB 801 2$bUEJ 801 2$bDLC 801 2$bUBY 801 2$bOCLCO 801 2$bSRU 801 2$bOCLCQ 801 2$bIOY 801 2$bOCLCL 801 2$bOCLCQ 801 2$bOCLCE 801 2$bOCLCQ 906 $aJOURNAL 912 $a9910134492803321 996 $aLatin American politics and society$9890201 997 $aUNINA